Исследование и промышленное применение гидроциклонов: тезисы докладов первого симпозиума

Manylion Llyfryddiaeth
Awduron Corfforaethol: Горьковский инженерно-строительный институт, Горьковский областной совет научно-технических обществ
Awduron Eraill: Найденко В. В. Валентин Васильевич (редактор)
Iaith:Rwseg
Cyhoeddwyd: Горький, 1981
Pynciau:
Fformat: Llyfr
KOHA link:https://koha.lib.tpu.ru/cgi-bin/koha/opac-detail.pl?biblionumber=89561

MARC

LEADER 00000nam0a2200000 4500
001 89561
005 20231101213652.0
020 |a RU  |b 82-16114 
035 |a (RuTPU)RU\TPU\book\96088 
090 |a 89561 
100 |a 20060124d1981 m y0rusy5003 ca 
101 0 |a rus 
102 |a RU 
105 |a a z 000zy 
200 1 |a Исследование и промышленное применение гидроциклонов  |e тезисы докладов первого симпозиума  |f Горьковский инженерно-строительный институт; Горьковский областной совет научно-технических обществ; под ред. В. В. Найденко 
210 |a Горький  |d 1981 
320 |a Библиография в конце докладов. 
610 1 |a гидроциклоны 
610 1 |a исследование 
610 1 |a промышленное применение 
610 1 |a доклады 
675 |a 621.928(063)  |v 3 
702 1 |a Найденко  |b В. В.  |g Валентин Васильевич  |4 340 
712 0 2 |a Горьковский инженерно-строительный институт  |2 stltpush  |3 (RuTPU)RU\TPU\col\8782  |9 24582 
712 0 2 |a Горьковский областной совет научно-технических обществ  |2 stltpush  |3 (RuTPU)RU\TPU\col\8783  |9 24583 
801 0 |a RU  |b RuMRKP  |c 19950704  |g psbo 
801 1 |a RU  |b 63413507  |c 20060124  |g PSBO 
801 2 |a RU  |b 63413507  |c 20060417  |g PSBO 
942 |c BK